000
00271nam a2200097Ia 4500
001
684039
005
20250826161450.0
008
250824s9999 xx 000 0 und d
245
0
_a
BİN YIL ÖNCE BİN YIL SONRA
_c
ŞÜKRÜ HALUK AKALIN
260
_b
TÜRK DİL KURUMU YAYINLARI
999
_c
684039
_d
684039